Magsaysay of the Philippines.
Zapisane w:
| 1. autor: | |
|---|---|
| Format: | Książka |
| Język: | Undetermined |
| Wydane: |
Manila
Ramon Magsaysay Memorial Society
1964
|
| Hasła przedmiotowe: | |
| Etykiety: |
Dodaj etykietę
Nie ma etykietki, Dołącz pierwszą etykiete!
|
| Thư viện lưu trữ: | Trung tâm Học liệu Trường Đại học Cần Thơ |
|---|
| LEADER | 00519nam a2200193Ia 4500 | ||
|---|---|---|---|
| 001 | CTU_90509 | ||
| 008 | 210402s9999 xx 000 0 und d | ||
| 082 | |a 923.1914 | ||
| 082 | |b Q8 | ||
| 100 | |a Carlos Quirino | ||
| 245 | 0 | |a Magsaysay of the Philippines. | |
| 245 | 0 | |c Carlos Quirino | |
| 260 | |a Manila | ||
| 260 | |b Ramon Magsaysay Memorial Society | ||
| 260 | |c 1964 | ||
| 650 | |a Ramon Magsaysay | ||
| 650 | |x president,biography | ||
| 904 | |i Năm | ||
| 980 | |a Trung tâm Học liệu Trường Đại học Cần Thơ | ||